| 000 | 00463nam a22001817a 4500 | ||
|---|---|---|---|
| 003 | MPLRDC | ||
| 005 | 20220104144307.0 | ||
| 008 | 210129b ||||| |||| 00| 0 eng d | ||
| 020 | _a7-04-002402-0 | ||
| 082 | _a910.9931 YDS | ||
| 100 | _a远藤实 | ||
| 245 |
_a我的路, 为遥远的过去干杯 _c张爱平译 |
||
| 250 | _a初版 | ||
| 260 |
_a _b高等教育出版社 _c1989 |
||
| 300 | _b平 | ||
| 650 | _a各国音乐家 | ||
| 942 |
_cBK _o910.9931 YDS |
||
| 999 |
_c48213 _d48203 |
||